Mensajes Luteranos (Record no. 18841)

MARC details
000 -LEADER
campo de control de longitud fija 00593ntaaa2200205 4500
003 - IDENTIFICADOR DE NÚMERO DE CONTROL
campo de control 01
005 - FECHA Y HORA DE LA ÚLTIMA TRANSACCIÓN
campo de control 20251027202408.0
008 - DATOS DE LONGITUD FIJA--INFORMACIÓN GENERAL
campo de control de longitud fija 0714s1973 ag 01
040 ## - FUENTE DE CATALOGACIÓN
Centro catalogador/agencia de origen AR-BaBN
Lengua de catalogación spa
Centro/agencia transcriptor AR-BaBN
Normas de descripción aacr
Centro/agencia modificador RIC
082 ## - NÚMERO DE LA CLASIFICACIÓN DECIMAL DEWEY
Número de clasificación 284.1000 Ig4
100 ## - ENTRADA PRINCIPAL--NOMBRE DE PERSONA
Nombre de persona Iglesia Evangélica Luterana Unida
9 (RLIN) 22663
245 ## - MENCIÓN DEL TÍTULO
Título Mensajes Luteranos
250 ## - MENCION DE EDICION
Mención de edición 1 ed.
260 ## - PUBLICACIÓN, DISTRIBUCIÓN, ETC.
Lugar de publicación, distribución, etc. Buenos Aires :
Nombre del editor, distribuidor, etc. Iglesia Evangélica Luterana Unida,
Fecha de publicación, distribución, etc. c1952
300 ## - DESCRIPCIÓN FÍSICA
Extensión 86 p
500 ## - NOTA GENERAL
Nota general Realizada en Curitiba, Brasil, 6-9 sept. 1951
650 ## - PUNTO DE ACCESO ADICIONAL DE MATERIA--TÉRMINO DE MATERIA
Término de materia o nombre geográfico como elemento de entrada Conferencia Luterana Latinoamericana I
9 (RLIN) 22664
650 ## - PUNTO DE ACCESO ADICIONAL DE MATERIA--TÉRMINO DE MATERIA
Término de materia o nombre geográfico como elemento de entrada Luteranos
942 ## - ELEMENTOS DE ENTRADA SECUNDARIOS (KOHA)
Tipo de ítem Koha Colección General
Holdings
Estatus retirado Estado de pérdida Estado de daño No para préstamo Biblioteca de origen Biblioteca actual Fecha de adquisición Número de inventario Total de préstamos Signatura topográfica completa Código de barras Visto por última vez Precio de reemplazo Tipo de ítem Koha
        Biblioteca Pluis Biblioteca Pluis 27/10/2025 14803   284.1000 Ig4 14803 27/10/2025 27/10/2025 Colección General